| 000 | 00390nam a22001337a 4500 | ||
|---|---|---|---|
| 008 | 230606b xxu||||| |||| 00| 0 eng d | ||
| 082 |
_a340.050 _bRAT |
||
| 110 | _bUniversity of Nairobi | ||
| 245 |
_aThe University of Nairobi Law Journal _bvolume 3 Issue 1 (2005) |
||
| 260 |
_aNairobi,Kenya _bFaculty of Law, University of Nairobi _c2005 |
||
| 300 | _aV,155p | ||
| 440 | _v3 | ||
| 942 |
_2ddc _cBK |
||
| 999 |
_c668 _d668 |
||